000 01472nam a22002777a 4500
003 DO-SdBNP
005 20260116073830.0
007 ta
008 210630b 2018 dr 00| 0 eng d
040 _aDO-SdBNP
_bspa
_cBNPHU
_erda
082 4 _a158.1
_bB333L
100 1 _aBatista, Luis
_979040
245 1 0 _aLa dicha de ser /
_cLuis Batista ; prólogo, Rafael Humberto Machado.
260 _aSanto Domingo :
_bBúho,
_c2018.
300 _a160 p. ;
_c22 cm.
500 _aIncluye datos biográficos del autor en la solapa de la cubierta.
505 0 _aPrólogo -- Introducción -- Todo está ocurriendo ahora -- Creencias falsas y limitantes -- La paz es el fin del conflicto -- Es como es -- La llama de la atención -- El amor -- Sentirse bien es natural -- Quejas y resabios -- La meta es el camino -- Todos los ¨Santos¨ son neurótico -- El destino -- La patología del egocentrismo -- Somos la vida misma -- Vivos, libres y sueltos -- Somos un producto cósmico -- Ser lo que somos en el momento -- La muerte: la gran consejera -- La sabiduría: la psicología de la liberación -- No hay nada que alcanzar -- La dimensión trascendente.
590 _aInventariado, 2021 /LP
650 4 _aSuperación personal
_910825
650 0 _aAutoestima
_9212
650 0 _aAutorrealización (Psicología)
_9211
650 0 _aÉxito
_9394
700 1 _aMachado, Rafael Humberto,
_epról.
_979041
910 _aValidado. Control de calidad MFF
942 _2ddc
_cLBS1
999 _c50018
_d50018